书目信息 |
| 题名: |
孤子引论
|
|
| 作者: | 陈登远 著 | |
| 分册: | ||
| 出版信息: | 北京 科学出版社 |
|
| 页数: | 307页 | |
| 开本: | 26cm | |
| 丛书名: | 大学数学科学丛书 11 | |
| 单 册: | ||
| 中图分类: | O572.3 | |
| 科图分类: | ||
| 主题词: | 核物理学 , 高能物理学 | |
| 电子资源: | ||
| ISBN: | 7-03-016467-9 | |
| 000 | 00599nam0 2200217 450 | |
| 001 | 0732828906 | |
| 005 | 20070903090708.90 | |
| 010 | @a7-03-016467-9@d¥38.00 | |
| 100 | @a20070903d km y0chiy0120 ea | |
| 101 | 0 | @achi |
| 200 | 1 | @a孤子引论@Agu zi yin lun@f陈登远著@Fchen deng yuan zhu |
| 210 | @a北京@c科学出版社 | |
| 215 | @a307页@d26cm | |
| 225 | 2 | @a大学数学科学丛书 11 |
| 410 | 0 | @12001 @a大学数学科学丛书 11 |
| 606 | 0 | @a核物理学 |
| 606 | 0 | @a高能物理学 |
| 690 | @aO572.3@v3 | |
| 701 | 0 | @a陈登远@Achen deng yuan@4著 |
| 801 | 0 | @aCN@bPFT@c20070903 |
| 905 | @a213230@dO572.3@eS18@f1 | |
| 孤子引论/陈登远著.-北京:科学出版社 |
| 307页;26cm.-(大学数学科学丛书 11) |
| ISBN 7-03-016467-9:¥38.00 |
| ● |
| 相关链接 |
|
|
|
|
正题名:孤子引论
索取号:O572.3/S18
 
预约/预借
| 序号 | 登录号 | 条形码 | 馆藏地/架位号 | 状态 | 备注 |
| 1 | 6705678 | 267056785 | 密集书库-数信学院/ [索取号:O572.3/S18] | 在馆 |